Atlas termográfico de las enfermedades infecciosas (médicas y quirúrgicas) y otras afecciones febriles / (Record no. 94985)

MARC details
000 -LEADER
campo de control de longitud fija 00665nam a2200193 i 4500
001 - NÚMERO DE CONTROL
campo de control 94985
003 - IDENTIFICADOR DE NÚMERO DE CONTROL
campo de control ES-MaACL
005 - FECHA Y HORA DE LA ÚLTIMA TRANSACCIÓN
campo de control 20230906181615.0
007 - CAMPO FIJO DE DESCRIPCIÓN FÍSICA--INFORMACIÓN GENERAL
campo de control de longitud fija t|
008 - DATOS DE LONGITUD FIJA--INFORMACIÓN GENERAL
campo de control de longitud fija 050519s1936 sp ||||1| spa d
100 1# - ENTRADA PRINCIPAL--NOMBRE DE PERSONA
Nombre de persona Luengo Tapia, Manuel.
9 (RLIN) 74638
245 10 - MENCIÓN DEL TÍTULO
Título Atlas termográfico de las enfermedades infecciosas (médicas y quirúrgicas) y otras afecciones febriles /
Mención de responsabilidad, etc. por el Dr. Manuel Luengo Tapia.
260 ## - PUBLICACIÓN, DISTRIBUCIÓN, ETC.
Lugar de publicación, distribución, etc. Madrid :
Nombre del editor, distribuidor, etc. Rev. Inf. Terapéutica,
Fecha de publicación, distribución, etc. 1936.
300 ## - DESCRIPCIÓN FÍSICA
Extensión 38 p., 4 h. :
Otras características físicas grafs. ;
Dimensiones 24 cm.
650 #4 - PUNTO DE ACCESO ADICIONAL DE MATERIA--TÉRMINO DE MATERIA
Término de materia o nombre geográfico como elemento de entrada Enfermedades infecciosas-
Subdivisión de forma Atlas.
9 (RLIN) 163651
650 #4 - PUNTO DE ACCESO ADICIONAL DE MATERIA--TÉRMINO DE MATERIA
Término de materia o nombre geográfico como elemento de entrada Fiebre.
9 (RLIN) 136106
852 ## - LOCALIZACIÓN
Ubicación ES-MaACL
Número de control de estantería 1810-F-14
852 ## - LOCALIZACIÓN
Ubicación ES-MaACL
Número de control de estantería 1821-F-19
Holdings
Estatus retirado Estado de pérdida Estado de daño No para préstamo Colección Biblioteca de origen Biblioteca actual Ubicación en estantería Fecha de adquisición Fuente de adquisición Total de préstamos Signatura topográfica completa Código de barras Visto por última vez Precio de reemplazo Tipo de ítem Koha
        Colección de folletos Biblioteca del Ateneo de Madrid Biblioteca del Ateneo de Madrid Depósito folletos 18/09/2017     1821-F-19 1198015 23/02/2023 23/02/2023 Folleto
        Colección de folletos Biblioteca del Ateneo de Madrid Biblioteca del Ateneo de Madrid Depósito folletos 17/01/2008     1810-F-14 1099193 23/02/2023 23/02/2023 Folleto